God of War : le Quiz - Statistiques

Statistiques générales
  • Ce quiz a été pris 537 fois
  • Le résultat moyen est 10 sur 16
Statistiques - réponses
Question Réponse % Correct
Mythologie au coeur de God of War (2018) Nordique
92%
Père de Kratos Zeus
87%
Situation familiale de Atreus, par rapport à Kratos son fils
86%
Ville d'origine de Kratos Sparte
83%
Seule déesse grecque présente dans God of War (2018) Athéna
77%
Boss principal de God of War (2018) Baldur
76%
Personnage dont la tête est portée par Kratos dans God of War (2048) Mímir
75%
Mère de ce dernier, fille de Njörd Freyja
71%
Date de sortie du tout premier God of War 2005
69%
Arme de prédilection de Kratos Hache Léviathan
63%
Poudre présente sur son corps Cendres
57%
Épouse de Kratos, également jötunn Faye
50%
Gigantesque serpent de mer, fils du dieu Loki Jormungand
38%
Signification de Kratos, en latin Pouvoir
29%
Premier personnage combattant aux côtés de Kratos Deimos
27%
Créateur de la licence God of War David Jaffe
7%
Aucun quiz correspondant
Distribution des résultats
% des personnes avec chaque résultat
Percentile par nombre de réponses
Votre historique - résultats
Vous n’avez pas pris ce quiz